000 01751nam2a2200253 4500
001 rc\2859622
005 20260315050701.0
035 _a(NLR Aleph) 007014013
090 _a13578389
_c13578389
100 _a20110710d1937 u y0rusy50 ca
101 0 _arus
102 _aRU
105 _achh z |||||
200 1 _aПисьма к В.Г. Черткову. 1887-1889
_fРед. М.В. Муратов
210 _aМосква
_cХудож. лит.
_d1937
_eЛенинград
_g1 тип. Облисполкома и Ленсовета
215 _aСуп.-обл., пер., XIII, 316 с., 3 вкл. л. портр. и факс.
_cпортр., факс.
461 0 _1001rc\2859602
_12001#$aПолное собрание сочинений$eЮбилейное изд. 1828-1928$hСерия 3$iПисьма$fЛ.Н. Толстой$gПод общ. ред. В.Г. Черткова$gПри участии ред. ком. в составе: А. Е. Грузинского, Н. К. Гудзия, Н. Н. Гусева ... [и др.]$gИзд. осуществляется под наблюдением Гос. ред. комиссии в составе: В. Д. Бонч-Бруевича, И. К. Луппола и М. А. Савельева$vТ. 86
_1700#1$aТолстой$bЛ. Н.$gЛев Николаевич$f1828-1910$3RU\NLR\AUTH\771515
_95842622
_aТолстой, Л.Н. (1828-1910)
_cМосква
_d1935
_fЛ.Н. Толстой
_hСерия 3
_iПисьма
_nХудож. лит.
_oЮбилейное изд. 1828-1928
_tПолное собрание сочинений
_vТ. 86
702 1 _aМуратов
_bМ.В.
_4340
801 0 _aRU
_bNLR
_gpsbo
801 1 _aRU
_bELAR
_2rusmarc
852 _aNLR
_bЛ
_j30 Г-7/109
942 _cUNSPEC
980 _aNB